| 000 | 00650nam a22001337a 4500 | ||
|---|---|---|---|
| 040 | _cRUA | ||
| 082 | _aANS CHE 2016 B.648 Or.1 | ||
| 100 | _aCHEAN VIRAK; ចៀន វីរ: | ||
| 245 | _aអង្កេតអំពីជំងឺសាទឹកដែលជួបប្រទះលើសត្វគោ នៅស្រុកជុំគីរី ខេត្តកំពត, Survey on haemorrhagic septicemia of cattle in chumkiri district, kampot province. | ||
| 260 |
_aRUA _bPHNOM PENH _c2016 |
||
| 300 |
_ax;36p. _bill, _c29cm, |
||
| 856 | _uhttps://drive.google.com/file/d/1ApM6MUaA_kB7m_nNLq9_HF3wDlYgoXE8/view?usp=sharing | ||
| 942 | _cANS | ||
| 999 |
_c18264 _d18264 |
||